000 00672nam a2200253Ia 4500
001 18543
003 GE_BSU
008 181216s||||||||xx |||||||||||||| ||und||
020 _a9780753729700
040 _cGE_BSU
080 _a821.111-32
100 _aDoyle, Arthur Conan
245 4 _aTHE Hound of the Baskervilles and other stories
245 _bNovel
260 _aLondon
260 _bBounty Books
260 _c2015
300 _a204p;21cm.
541 _h20Gel.
653 _aTHE Hound of the Baskervilles
653 _aბასქერვილის ძაღლი
653 _aინგლისური, მოთხრობა.
942 _cBK
999 _c51552
_d51552